=LDR 00000nam 2200000 4500 =001 INLIS000000000017087 =005 20130612112258 =008 ***********************************Ind** =035 ##$$a0010-061300000017087 =041 ##$$a Ind =082 ##$$a 658.31 =090 ##$$a 658.31, Fah p =100 ##$$a Fahrudin, Arif =245 ##$$a Psikotes untuk pemula bekal awal meraih pekerjaan negeri atau swasta, Arif Fahrudin =260 ##$$a 2004 $b Yogyakarta =300 ##$$a 158 hlm, 17 cm =650 ##$$a Psikotes =850 ##$$a NBPNMAT =990 ##$$a 0001/BPAP-NTB/20142014